00310nam a2200121Ia 4500008004100000100002500041245003200066260004300098300000900141650001400150942000700164999001700171190216s9999||||xx |||||||||||||| ||und|| aUniversity Of Kerala 0aKavyakairali Vol 2 (part 1) bSuperintendent Department Of Pubc1967 a116p aKavithkal cBK c25763d25763